| 000 | 01058nam a22003137a 4500 | ||
|---|---|---|---|
| 001 | 0004594 | ||
| 003 | KOHA_MİRAKIL | ||
| 005 | 20260207001419.0 | ||
| 007 | ta | ||
| 008 | 090508b1988 tu |||gr||||#||||0|tur | | ||
| 020 |
_a9751701716 _q(tk. no) 9751701724 _c0,01 |
||
| 040 |
_aTR-BiSEU _btur _cTR-BiSEU _erda |
||
| 041 | 0 | _atur | |
| 044 | _ctu | ||
| 050 |
_aDS22 _b.C88 1988 |
||
| 100 | 1 | _aCuveyni, Alaadin Ata Melik . | |
| 245 | 1 |
_aTarih-i cihangüşa I/ _cAlaadin Ata Melik Cuveyni ; Alaadin Ata Melik Cuveyni; çeviren Mürsel Öztürk. |
|
| 264 | 1 |
_aAnkara : _bKültür ve Turizm Bakanlığı,1988 _c1988 |
|
| 300 | _a1 c. | ||
| 336 |
_ametin _btxt _2rdacontent |
||
| 337 |
_aaracısız _bn _2rdamedia |
||
| 338 |
_acilt _bnc _2rdacarrier |
||
| 490 | 1 |
_aKültür ve Turizm Bakanlığı yayınları ; _v880. |
|
| 490 | 1 |
_aKaynak Eserleri dizisi ; _v10. |
|
| 500 | _aKütüphanede c.1-3 vardır. | ||
| 830 | 1 |
_aKültür ve Turizm Bakanlığı yayınları ; _v880. _911343 |
|
| 830 | 1 |
_aKaynak Eserleri dizisi ; _v10. _911344 |
|
| 942 |
_2lcc _cBK |
||
| 999 |
_c4576 _d4576 |
||